War letters of General Monash, (Record no. 552207)
[ view plain ]
| 000 -LEADER | |
|---|---|
| fixed length control field | 00520cam a2200157u 4500 |
| 082 ## - DEWEY DECIMAL CLASSIFICATION NUMBER | |
| Classification number | 940.409436 |
| Author Mark | WAR |
| 100 1# - MAIN ENTRY--PERSONAL NAME | |
| Personal name | Monash, John, |
| 9 (RLIN) | 49421 |
| 245 10 - TITLE STATEMENT | |
| Title | War letters of General Monash, |
| 260 ## - PUBLICATION, DISTRIBUTION, ETC. | |
| Place of publication, distribution, etc. | [Sydney] |
| Name of publisher, distributor, etc. | Angus and Robertson limited, |
| Date of publication, distribution, etc. | 1935. |
| 300 ## - PHYSICAL DESCRIPTION | |
| Extent | xvii p., 2 l., [3]-299, [1] p. |
| Other physical details | front., illus. (maps) plates, ports. |
| Dimensions | 21 cm. |
| 526 ## - STUDY PROGRAM INFORMATION NOTE | |
| Program name | 0 |
| Interest level | 0 |
| Reading level | 0 |
| Title point value | 940_409436000000000_WAR |
| 650 #0 - SUBJECT ADDED ENTRY--TOPICAL TERM | |
| Topical term or geographic name entry element | MCE |
| 9 (RLIN) | 379 |
| 650 #0 - SUBJECT ADDED ENTRY--TOPICAL TERM | |
| Topical term or geographic name entry element | World War, 1914-1918 |
| Geographic subdivision | Australia. |
| 9 (RLIN) | 49422 |
| 700 1# - ADDED ENTRY--PERSONAL NAME | |
| Personal name | Cutlack, F. M. |
| 9 (RLIN) | 49423 |
| 942 ## - ADDED ENTRY ELEMENTS (KOHA) | |
| Source of classification or shelving scheme | |
| Koha item type | Book |
| Withdrawn status | Lost status | Source of classification or shelving scheme | Damaged status | Not for loan | Permanent Location | Current Location | Shelving location | Date acquired | Total Checkouts | Full call number | Barcode | Date last seen | Price effective from | Koha item type |
|---|---|---|---|---|---|---|---|---|---|---|---|---|---|---|
| Military College of Engineering (MCE) | Military College of Engineering (MCE) | 01/12/2015 | 940.409436 WAR | MCE-ECL/50 | 01/12/2015 | 01/12/2015 | Book |
